000 00387nam a2200133Ia 4500
008 220217s9999 xx 000 0 und d
245 0 _aSpecification for welding and cutting hose of rubber with woven reinforcement. (Revised).
260 _c1964
500 _aStandard number: IS 447
650 _aRubber hose
650 _aWelding hose
650 _aWoven reinforcement
942 _cST
999 _c73792
_d73792